Word Ladder #3 - Statistics

General Stats
  • This quiz has been taken 130 times
  • The average score is 16 of 20
Answer Stats
Hint Word % Correct
Fence door GATE
97%
East's opponent WEST
97%
Monopoly, for example GAME
95%
Desire WANT
95%
Go, in the past WENT
95%
Magic stick WAND
94%
Citrus LIME
92%
Descend, for a plane LAND
91%
Straight mark LINE
91%
Road LANE
90%
Superlative BEST
87%
Limping LAME
85%
Rodent or roach PEST
85%
Give HAND
84%
Liquify MELT
80%
Fur PELT
73%
Crafting wool FELT
67%
Invasive fungi MOLD
53%
Illness COLD
50%
Set of matching cards MELD
47%
No matching quizzes found
Score Distribution
Percent of People with Each Score
Percentile by Number Answered
Your Score History
You have not taken this quiz